000 00842cam a2200265 i 4500
001 1273685
003 OSt
005 20230620131533.0
008 751208s1976 nyu b 000 0 eng
010 _a 75043834
020 _a0399116931 :
_c$7.95
040 _aDLC
_cDLC
_dDLC
043 _an-us---
050 0 0 _aHE8700.7.P6
_bP37 1976
082 0 0 _a324/.2
_bPAT
100 1 _aPatterson, Thomas E.
245 1 4 _aThe unseeing eye :
_bthe myth of television power in national politics /
_cby Thomas E. Patterson, Robert D. McClure.
260 _aNew York :
_bPutnam,
_cc1976.
300 _a218 p. ;
_c22 cm.
504 _aIncludes bibliographical references.
650 0 _aTelevision in politics
_zUnited States.
700 1 _aMcClure, Robert D.,
_ejoint author.
906 _a7
_bcbc
_corignew
_d1
_eocip
_f19
_gy-gencatlg
942 _2ddc
_cBK
999 _c1718
_d1718